One of us - Joan Osborne (all lyrics) - Statistics

General Stats
  • This quiz has been taken 26 times
  • The average score is 215 of 258
Answer Stats
Answer % Correct
a
100%
God
100%
If
100%
if
100%
just
100%
Just
100%
of
100%
on
100%
one
100%
the
100%
us?
100%
us
100%
was
100%
what
100%
What
100%
be?
93%
bus
93%
it
93%
like
93%
like?
93%
Like
93%
stranger
93%
to
93%
way
93%
would
93%
And
86%
and
86%
had
86%
his
86%
His
86%
is
86%
name
86%
you
86%
good
79%
home
79%
in
79%
make
79%
yeah,
79%
Yeah,
79%
yeah
79%
yeah-yeah-yeah
79%
believe
71%
call
71%
face?
71%
face
71%
for
71%
great
71%
have
71%
look
71%
see
71%
that
71%
Tryin’
71%
tryin’
71%
want
71%
were
71%
all
64%
alone
64%
ask
64%
with
64%
heaven
57%
Him
57%
Jesus
57%
phone
57%
question?
57%
slob
57%
up
57%
callin’
50%
‘Cept
50%
glory?
50%
maybe
50%
meant
50%
Nobody
50%
Pope
50%
Rome
50%
seeing
50%
stone
50%
things
50%
Back
43%
faced
43%
holy
43%
prophets
43%
rolling
43%
Saints
43%
No matching quizzes found
Score Distribution
Percent of People with Each Score
Percentile by Number Answered
Your Score History
You have not taken this quiz